Criterios para la formación del educador de adultos
Tallennettuna:
| Päätekijä: | |
|---|---|
| Yhteisötekijä: | |
| Aineistotyyppi: | Kirja |
| Kieli: | espanja |
| Julkaistu: |
Santiago
SEDECOS
1978
|
| Aiheet: | |
| Tagit: |
Lisää tagi
Ei tageja, Lisää ensimmäinen tagi!
|
MARC
| LEADER | 00000nam a2200000 a 4500 | ||
|---|---|---|---|
| 001 | UCZ9829 | ||
| 003 | CL-VaPUC | ||
| 005 | 20210908074414.0 | ||
| 008 | 960311e19780000cl 1 spa d | ||
| 082 | 0 | 4 | |a 374 |b COR |2 21 |
| 100 | 1 | |a Cornejo Cavieres, Sergio |e author |9 617517 | |
| 110 | 2 | |a Centro Latinoamericano de Educación de Adultos |e author |9 617518 | |
| 245 | 1 | 0 | |a Criterios para la formación del educador de adultos |
| 260 | |a Santiago |b SEDECOS |c 1978 | ||
| 300 | |a 29 p | ||
| 583 | |a last modification |c 20190910 11:33:29 |k Rodrigo Vera | ||
| 650 | 0 | 0 | |a Educación de adultos |9 307580 |
| 650 | 0 | 7 | |a EDUCADORES DE ADULTOS |2 CL-VaPUC |9 617519 |
| 650 | 0 | 0 | |a Formación profesional de profesores |9 307493 |
| 650 | 0 | 7 | |a CAPACITACION DEL PERSONAL DE EDUCACION |2 CL-VaPUC |9 335008 |
| 650 | 0 | 0 | |a Capacitación docente |9 312871 |
| 942 | |c BK | ||
| 945 | |a lriquelm |d 19960311 00:00:00 | ||
| 546 | |a En Español | ||
| 536 | |a CLEA | ||
| 536 | |a SEDECOS | ||
| 536 | |a CPEIP | ||
| 536 | |a Fundación Konrad Adenauer | ||
| 518 | |p Encuentro Latinoamericano: la formación del educador de adultos | ||
| 999 | |c 382515 |d 382513 | ||
| 952 | |0 0 |1 0 |4 0 |6 374_000000000000000_COR_1978 |7 0 |8 P |9 504251 |a BIBEDU |b BIBEDU |c BIBEDU_PB |d 2020-01-23 |i 1630075 |o 374 COR 1978 |p 1630075 |r 2024-01-25 |w 2020-01-23 |y BK |k EDU | ||